Radiografía 3:10 de la madrugada
Sábháilte in:
| Príomhchruthaitheoir: | |
|---|---|
| Formáid: | LEABHAR |
| Teanga: | Undetermined |
| Foilsithe / Cruthaithe: |
San José, Costa Rica
Gráfica Litho Offset
2011
|
| Ábhair: | |
| Clibeanna: |
Cuir clib leis
Níl clibeanna ann, Bí ar an gcéad duine le clib a chur leis an taifead seo!
|
MARC
| LEADER | 00000nam a2200000Ia 4500 | ||
|---|---|---|---|
| 008 | 170316s9999 xx 000 0 und d | ||
| 090 | |a 792 M-2.1r | ||
| 100 | |a Mena Young, Bernardo | ||
| 245 | |a Radiografía 3:10 de la madrugada | ||
| 260 | |a San José, Costa Rica | ||
| 260 | |b Gráfica Litho Offset | ||
| 260 | |c 2011 | ||
| 300 | |a 36 páginas | ||
| 650 | |a TEATRO | ||
| 650 | |a TEATRO COSTARRICENSE | ||
| 999 | |c 19772 |d 19772 | ||
| 040 | |a cru BVZT | ||
| 942 | |c 15 D |h 792 M-2.1r |2 z | ||
